[Event "1st open for DUNI cup "]
[Site "Primorsko"]
[Date "2016.05.23"]
[Round "5.18"]
[White "SREBCHEV, Aleksandar"]
[Black "CHITAKOVA, Galya"]
[Result "0-1"]
[WhiteElo "1342"]
[BlackElo "1567"]
[PlyCount "96"]
[EventDate "2016.05.21"]
[EventType "swiss"]
[EventRounds "7"]
[EventCountry "BUL"]

1. e4 c6 2. d4 d5 3. e5 c5 4. c3 Nc6 5. Bb5 cxd4 6. cxd4 Bf5 7. Nc3 e6 8. Be3
Qb6 9. a3 a6 10. Bxc6+ bxc6 11. Qd2 Rb8 12. b4 a5 13. bxa5 Qxa5 14. Nge2 c5 15.
O-O c4 16. a4 Bb4 17. Rfc1 Ne7 18. Qb2 O-O 19. Nb5 Nc6 20. Nec3 Qa6 21. h3 Ba5
22. Na2 Na7 23. Nac3 Bxc3 24. Qxc3 Nxb5 25. axb5 Qxb5 26. Ra3 Qb2 27. Qxb2 Rxb2
28. Rcc3 Rfb8 29. Bc1 Rc2 30. Be3 h6 31. Kh2 Rbb2 32. Kg3 Kh7 33. h4 f6 34. Kf4
g5+ 35. hxg5 hxg5+ 36. Kg3 fxe5 37. dxe5 Kg6 38. Bd4 Re2 39. Be3 Be4 40. Bd4
Kf5 41. Kh2 Rbd2 42. Be3 Rd1 43. Kg3 d4 44. Rc1 Rxe3+ 45. fxe3 Rxc1 46. exd4
Rc2 47. Rf3+ Bxf3 48. Kxf3 Rxg2 0-1

[Event "1st open for DUNI cup "]
[Site "Primorsko"]
[Date "2016.05.23"]
[Round "5.19"]
[White "NENCHEV, Georgi"]
[Black "TODOROVA, Adelina"]
[Result "1-0"]
[WhiteElo "1457"]
[BlackElo "1074"]
[PlyCount "27"]
[EventDate "2016.05.21"]
[EventType "swiss"]
[EventRounds "7"]
[EventCountry "BUL"]

1. e4 e5 2. Nf3 Nc6 3. Bb5 f6 4. O-O Bc5 5. c3 Nge7 6. d4 Bb6 7. d5 a6 8. Ba4
Na5 9. Na3 c5 10. b4 cxb4 11. cxb4 Bd4 12. Nxd4 exd4 13. Qxd4 O-O 14. bxa5 1-0

[Event "1st open for DUNI cup "]
[Site "Primorsko"]
[Date "2016.05.23"]
[Round "6.1"]
[White "GENOVA, Lyubka"]
[Black "VANDEV, Dimitar"]
[Result "1/2-1/2"]
[WhiteElo "2193"]
[BlackElo "2103"]
[PlyCount "51"]
[EventDate "2016.05.21"]
[EventType "swiss"]
[EventRounds "7"]
[EventCountry "BUL"]

1. e4 b6 2. d4 Bb7 3. Bd3 Nf6 4. f3 d5 5. e5 Ng8 6. Ne2 e6 7. O-O Ne7 8. Ng3 h5
9. Bg5 h4 10. Ne2 Qd7 11. Qe1 h3 12. g4 Ng6 13. Bxg6 fxg6 14. Nf4 Qf7 15. Qg3
c5 16. Nxh3 Nc6 17. Na3 Nxd4 18. Rae1 a6 19. c3 Nc6 20. Nc2 Be7 21. f4 O-O-O
22. a3 d4 23. Bxe7 Qxe7 24. Ng5 dxc3 25. bxc3 Na5 26. Ne4 1/2-1/2

[Event "1st open for DUNI cup "]
[Site "Primorsko"]
[Date "2016.05.23"]
[Round "6.2"]
[White "ANDREEV, Stanislav"]
[Black "PANAYOTOV, Yanko"]
[Result "1/2-1/2"]
[WhiteElo "2148"]
[BlackElo "2172"]
[PlyCount "63"]
[EventDate "2016.05.21"]
[EventType "swiss"]
[EventRounds "7"]
[EventCountry "BUL"]

1. d4 Nf6 2. c4 e6 3. Nc3 Bb4 4. e3 c5 5. Bd3 Nc6 6. Nf3 d6 7. Qc2 e5 8. O-O
Bxc3 9. bxc3 O-O 10. Ng5 h6 11. Ne4 Nxe4 12. Bxe4 Ne7 13. Bd5 Nxd5 14. cxd5 Qe7
15. dxc5 dxc5 16. e4 f5 17. c4 Bd7 18. a4 Qd6 19. a5 Qg6 20. Bb2 fxe4 21. Bxe5
Rf5 22. Qxe4 Re8 23. f4 Rexe5 24. Qxe5 Rxe5 25. fxe5 Qd3 26. e6 Bxe6 27. dxe6
Qe3+ 28. Kh1 Qxe6 29. Rfc1 Qe2 30. h3 Qd2 31. Rd1 Qc3 32. Rab1 1/2-1/2

[Event "1st open for DUNI cup "]
[Site "Primorsko"]
[Date "2016.05.23"]
[Round "6.3"]
[White "SOILEMETZIDIS, Konstantinos"]
[Black "DICHEV, Nedelcho"]
[Result "1-0"]
[WhiteElo "2000"]
[BlackElo "2126"]
[PlyCount "53"]
[EventDate "2016.05.21"]
[EventType "swiss"]
[EventRounds "7"]
[EventCountry "BUL"]

1. e4 c6 2. d4 d5 3. e5 Bf5 4. h4 h5 5. Bd3 Bxd3 6. Qxd3 Qb6 7. e6 Nh6 8. Nf3
Qa6 9. exf7+ Nxf7 10. Qf5 Nd7 11. Nc3 Nf6 12. Ng5 Nd6 13. Qe6 Rh6 14. Nh3 Nfe4
15. Bxh6 gxh6 16. Qg6+ Kd7 17. Nf4 Qc4 18. Qe6+ Ke8 19. Nfe2 Nxc3 20. bxc3 Ne4
21. Qh3 Qa4 22. Qd3 c5 23. dxc5 Nxc5 24. Qxd5 e6 25. Qxh5+ Kd8 26. Rd1+ Kc8 27.
Qf7 1-0

[Event "1st open for DUNI cup "]
[Site "Primorsko"]
[Date "2016.05.23"]
[Round "6.4"]
[White "RADEVA, Viktoria"]
[Black "GENOV, Valentin"]
[Result "1-0"]
[WhiteElo "2121"]
[BlackElo "1519"]
[PlyCount "55"]
[EventDate "2016.05.21"]
[EventType "swiss"]
[EventRounds "7"]
[EventCountry "BUL"]

1. Nf3 Nf6 2. g3 g6 3. Bg2 Bg7 4. O-O O-O 5. d3 c5 6. e4 d6 7. Nc3 Nc6 8. Nd2
Bd7 9. h3 Rb8 10. f4 b5 11. Ne2 a5 12. f5 Ne5 13. g4 g5 14. Nf3 Nxf3+ 15. Bxf3
h6 16. h4 gxh4 17. Qe1 Nh7 18. Qxh4 Ng5 19. Bxg5 hxg5 20. Qxg5 f6 21. Qh4 Rf7
22. Kg2 e5 23. fxe6 Bxe6 24. Nf4 Qe8 25. Rh1 Ra7 26. Qh7+ Kf7 27. g5 Qh8 28.
Qg6+ 1-0

[Event "1st open for DUNI cup "]
[Site "Primorsko"]
[Date "2016.05.23"]
[Round "6.6"]
[White "SOTIROV, Nikolay"]
[Black "HRISTOV, Krasimir Iv"]
[Result "1-0"]
[WhiteElo "1828"]
[BlackElo "1888"]
[PlyCount "65"]
[EventDate "2016.05.21"]
[EventType "swiss"]
[EventRounds "7"]
[EventCountry "BUL"]

1. e4 Nf6 2. Nc3 d6 3. d4 g6 4. Be3 Bg7 5. f3 c6 6. Qd2 h5 7. Nge2 b5 8. Nf4 b4
9. Nd1 a5 10. a3 bxa3 11. Rxa3 Nbd7 12. Bc4 g5 13. Nd3 d5 14. exd5 cxd5 15. Bb5
g4 16. Ne5 Kf8 17. Nc6 Qb6 18. Rb3 Ba6 19. Ba4 Qc7 20. Bf4 Qc8 21. Re3 Ng8 22.
Rc3 Qe8 23. Nxa5 e5 24. dxe5 Bxe5 25. Re3 Bxf4 26. Qb4+ Kg7 27. Qxf4 Qd8 28.
Nc6 Qf6 29. Qb4 Nh6 30. Nd4 Nb6 31. Bc6 Rab8 32. Qc3 Nc4 33. O-O 1-0

[Event "1st open for DUNI cup "]
[Site "Primorsko"]
[Date "2016.05.23"]
[Round "6.7"]
[White "TODOROV, Angel"]
[Black "KAMENOV, Valentin"]
[Result "0-1"]
[WhiteElo "1771"]
[BlackElo "1819"]
[PlyCount "120"]
[EventDate "2016.05.21"]
[EventType "swiss"]
[EventRounds "7"]
[EventCountry "BUL"]

1. d4 Nf6 2. c4 d6 3. Nc3 g6 4. g3 Bg7 5. Bg2 O-O 6. e4 Nbd7 7. Nge2 c5 8. O-O
cxd4 9. Nxd4 Qb6 10. Nb3 Ne5 11. Be3 Qb4 12. c5 Nc4 13. Qe2 Nxe3 14. Qxe3 Ng4
15. Qd3 Ne5 16. Qb5 Qxb5 17. Nxb5 dxc5 18. Nxc5 b6 19. Na4 Bd7 20. Nac3 a6 21.
Nc7 Ra7 22. N7d5 Be6 23. Nxb6 Nd3 24. Nca4 Nxb2 25. Nc5 Bg4 26. Rac1 Rb8 27.
Nd5 Be2 28. Rfe1 Nd3 29. Nxd3 Bxd3 30. e5 a5 31. a4 e6 32. Nc3 Bf8 33. Red1 Ba3
34. Rxd3 Bxc1 35. Nb5 Re7 36. Rc3 Bb2 37. Rc5 Rd7 38. Bc6 Rd2 39. Nd6 Bd4 40.
Ne4 Rb1+ 41. Kg2 Rxf2+ 42. Nxf2 Bxc5 43. Nd3 Bd4 44. Bb5 Rxb5 45. axb5 a4 46.
Kf3 a3 47. Nb4 Bxe5 48. h3 f5 49. g4 Bd6 50. Na2 Bc5 51. Kf4 Kf7 52. Ke5 Ke7
53. gxf5 gxf5 54. Nc3 Bb6 55. Na2 Ba5 56. Nc1 Bc7+ 57. Kd4 e5+ 58. Kc5 e4 59.
b6 Bxb6+ 60. Kxb6 e3 0-1

[Event "1st open for DUNI cup "]
[Site "Primorsko"]
[Date "2016.05.23"]
[Round "6.8"]
[White "STOYANOV, Stoyan"]
[Black "IVANOV, Iliyan"]
[Result "1-0"]
[WhiteElo "1914"]
[BlackElo "1521"]
[PlyCount "41"]
[EventDate "2016.05.21"]
[EventType "swiss"]
[EventRounds "7"]
[EventCountry "BUL"]

1. e4 e5 2. Nf3 Nc6 3. Bb5 f5 4. Nc3 fxe4 5. Nxe4 Nf6 6. d3 d5 7. Nxf6+ Qxf6 8.
Bg5 Qd6 9. O-O Bg4 10. h3 Bh5 11. g4 Bg6 12. Nxe5 Qxe5 13. Re1 Be4 14. Bh4 Bc5
15. dxe4 dxe4 16. Bxc6+ bxc6 17. Qf3 e3 18. Rxe3 Bxe3 19. Re1 Rf8 20. Rxe3 Qxe3
21. Qxe3+ 1-0

[Event "1st open for DUNI cup "]
[Site "Primorsko"]
[Date "2016.05.23"]
[Round "6.13"]
[White "SIMEONOV, Svetoslav"]
[Black "VASILEVA, Tsveta"]
[Result "1-0"]
[WhiteElo "1787"]
[BlackElo "1573"]
[PlyCount "61"]
[EventDate "2016.05.21"]
[EventType "swiss"]
[EventRounds "7"]
[EventCountry "BUL"]

1. c4 e6 2. Nf3 d5 3. e3 Nf6 4. Nc3 c6 5. b3 Be7 6. Be2 O-O 7. O-O Nbd7 8. Bb2
e5 9. d3 Bd6 10. Qc2 Re8 11. Nd2 Qc7 12. g3 a5 13. Rac1 Nb6 14. d4 Bh3 15. Rfe1
exd4 16. exd4 dxc4 17. bxc4 Bb4 18. a3 Bf8 19. Nce4 Nxe4 20. Nxe4 h6 21. Bd3 f5
22. Nd2 Qd7 23. Nf3 Rxe1+ 24. Rxe1 Rd8 25. Qb3 Nc8 26. c5+ Kh8 27. Ne5 Qc7 28.
Qf7 Ne7 29. Ng6+ Kh7 30. Nxe7 b6 31. Qg8# 1-0

[Event "1st open for DUNI cup "]
[Site "Primorsko"]
[Date "2016.05.23"]
[Round "6.16"]
[White "GENOV, Ivaylo"]
[Black "MARINOV, Marin St"]
[Result "0-1"]
[WhiteElo "1614"]
[BlackElo "1291"]
[PlyCount "58"]
[EventDate "2016.05.21"]
[EventType "swiss"]
[EventRounds "7"]
[EventCountry "BUL"]

1. d4 Nf6 2. c4 d6 3. Nc3 e5 4. e3 exd4 5. exd4 Be7 6. Nf3 O-O 7. Bd3 Re8 8.
O-O b6 9. b3 Bb7 10. d5 c6 11. dxc6 Nxc6 12. Bb2 Qc7 13. Rc1 Rad8 14. Nd5 Qd7
15. Nxf6+ gxf6 16. Nh4 Ne5 17. Bf5 Qc6 18. Bxe5 fxe5 19. Qg4+ Kf8 20. f3 Bc8
21. Qh5 Bxh4 22. Qh6+ Ke7 23. Qxh4+ Kf8 24. Qxh7 Bxf5 25. Qxf5 Ke7 26. Rcd1 Rg8
27. Rd5 Rg6 28. Qe4 Rdg8 29. Rxe5+ dxe5 0-1

[Event "1st open for DUNI cup "]
[Site "Primorsko"]
[Date "2016.05.23"]
[Round "6.21"]
[White "TODOROVA, Adelina"]
[Black "SREBCHEV, Aleksandar"]
[Result "0-1"]
[WhiteElo "1074"]
[BlackElo "1342"]
[PlyCount "40"]
[EventDate "2016.05.21"]
[EventType "swiss"]
[EventRounds "7"]
[EventCountry "BUL"]

1. d4 d5 2. c4 Bf5 3. Nc3 e6 4. Nf3 Bb4 5. Bf4 a6 6. Qa4+ Nc6 7. Ne5 Nge7 8. h3
Bxc3+ 9. bxc3 O-O 10. Nxc6 Nxc6 11. e3 h5 12. Qd1 g5 13. Bg3 h4 14. Bxh4 gxh4
15. g3 dxc4 16. Qh5 Bg6 17. Qh6 Qf6 18. gxh4 Ne7 19. e4 Qf3 20. Rg1 Qxe4+ 0-1

[Event "1st open for DUNI cup "]
[Site "Primorsko"]
[Date "2016.05.24"]
[Round "7.2"]
[White "ANDREEV, Stanislav"]
[Black "GENOVA, Lyubka"]
[Result "0-1"]
[WhiteElo "2148"]
[BlackElo "2193"]
[PlyCount "98"]
[EventDate "2016.05.21"]
[EventType "swiss"]
[EventRounds "7"]
[EventCountry "BUL"]

1. d4 Nf6 2. c4 e6 3. Nc3 Bb4 4. e3 Bxc3+ 5. bxc3 d6 6. Bd3 Nbd7 7. Ne2 b6 8.
e4 Bb7 9. Qc2 e5 10. O-O h5 11. Bg5 h4 12. f4 Qe7 13. c5 Rh5 14. g4 Rxg5 15.
fxg5 Nh7 16. g6 fxg6 17. cxd6 cxd6 18. d5 Qg5 19. Nc1 Qxg4+ 20. Qg2 Qxg2+ 21.
Kxg2 Rc8 22. Ne2 Nc5 23. Bc2 Ng5 24. Rae1 Ncxe4 25. Bxe4 Nxe4 26. Nf4 Nf6 27.
Nxg6 Bxd5+ 28. Kh3 Rxc3+ 29. Kxh4 Bg2 30. Nxe5 Bxf1 31. Nf3+ Kf7 32. Rxf1 Rc4+
33. Kg3 Ra4 34. Ra1 Ne4+ 35. Kg2 Kf6 36. a3 d5 37. Rd1 Rxa3 38. Rxd5 Ra5 39.
Rd7 g6 40. Nd4 Ra2+ 41. Kf3 Ng5+ 42. Kg4 Rg2+ 43. Kf4 Ne6+ 44. Nxe6 Kxe6 45.
Rxa7 Rxh2 46. Rb7 Rb2 47. Kg5 Kd6 48. Kxg6 Kc6 49. Rb8 Rf2 0-1

[Event "1st open for DUNI cup "]
[Site "Primorsko"]
[Date "2016.05.24"]
[Round "7.3"]
[White "PANAYOTOV, Yanko"]
[Black "RADEVA, Viktoria"]
[Result "1-0"]
[WhiteElo "2172"]
[BlackElo "2121"]
[PlyCount "72"]
[EventDate "2016.05.21"]
[EventType "swiss"]
[EventRounds "7"]
[EventCountry "BUL"]

1. e4 c5 2. Nf3 e6 3. d4 cxd4 4. Nxd4 a6 5. Bd3 Qc7 6. O-O Nf6 7. Qe2 d6 8. c4
g6 9. Nc3 Bg7 10. Be3 O-O 11. Rac1 Nbd7 12. Rfd1 b6 13. f3 Bb7 14. Qd2 Ne5 15.
Bf1 Rfd8 16. Qf2 Nfd7 17. Qh4 Bf6 18. Qh3 h5 19. Be2 Nf8 20. f4 Nc6 21. Nd5
exd5 22. cxd5 Bc8 23. f5 Bxd4 24. Bxd4 Qe7 25. dxc6 d5 26. Bxb6 Re8 27. Qc3
gxf5 28. Rxd5 Be6 29. Rd3 fxe4 30. Rg3+ Ng6 31. Bxh5 Bf5 32. Bd4 Kh7 33. Rf1
Qe6 34. Rg5 e3 35. Rgxf5 e2 36. Rxf7+ Kh6 1-0

[Event "1st open for DUNI cup "]
[Site "Primorsko"]
[Date "2016.05.24"]
[Round "7.4"]
[White "TSONEV, Kiril"]
[Black "SOTIROV, Nikolay"]
[Result "1/2-1/2"]
[WhiteElo "1969"]
[BlackElo "1828"]
[PlyCount "62"]
[EventDate "2016.05.21"]
[EventType "swiss"]
[EventRounds "7"]
[EventCountry "BUL"]

1. e4 c5 2. Nf3 Nc6 3. Bb5 g6 4. O-O Nf6 5. Re1 Bg7 6. c3 O-O 7. e5 Nd5 8. d4
cxd4 9. cxd4 d6 10. Nc3 dxe5 11. Bxc6 Nxc3 12. bxc3 bxc6 13. Nxe5 Re8 14. Ba3
Bxe5 15. Rxe5 Be6 16. Qe2 Qd7 17. h4 Rab8 18. Re1 Rb5 19. Bc5 Reb8 20. h5 Rb1
21. h6 Rxe1+ 22. Qxe1 Rb2 23. c4 Qb7 24. Qa5 Qb8 25. Qxa7 Qf8 26. Re1 Qxh6 27.
Qxe7 Rb8 28. d5 cxd5 29. cxd5 Qd2 30. Rf1 Qxd5 31. a3 Qd8 1/2-1/2

[Event "1st open for DUNI cup "]
[Site "Primorsko"]
[Date "2016.05.24"]
[Round "7.5"]
[White "KAMENOV, Valentin"]
[Black "STOYANOV, Stoyan"]
[Result "1/2-1/2"]
[WhiteElo "1819"]
[BlackElo "1914"]
[PlyCount "117"]
[EventDate "2016.05.21"]
[EventType "swiss"]
[EventRounds "7"]
[EventCountry "BUL"]

1. e4 e5 2. Nf3 Nc6 3. Nc3 Bc5 4. Be2 Nge7 5. O-O a6 6. a4 O-O 7. Nxe5 Bxf2+ 8.
Rxf2 Nxe5 9. d4 N5g6 10. Bc4 d6 11. Qh5 Be6 12. Bd3 f6 13. Be3 b6 14. Ne2 c5
15. c3 Bf7 16. Qg4 b5 17. h4 h5 18. Qg3 Qd7 19. axb5 axb5 20. Rxa8 Rxa8 21. Nf4
Nxf4 22. Bxf4 cxd4 23. cxd4 Ra6 24. Bd2 d5 25. e5 fxe5 26. Qxe5 Nc6 27. Qf4 Nd8
28. Qb8 Qd6 29. Qxd6 Rxd6 30. Bf4 Rf6 31. Bxb5 Rb6 32. Bd7 Nc6 33. Rd2 Ne7 34.
Bg5 Nc6 35. Be3 Bg6 36. Be6+ Bf7 37. Bf5 Na5 38. Rc2 Nc4 39. Bc1 Bg6 40. Bxg6
Rxg6 41. b3 Nd6 42. Rc6 Kf7 43. Ba3 Nb5 44. Rxg6 Kxg6 45. Bc5 Kf5 46. Kf2 Ke4
47. Ke2 g6 48. Kd2 Kf4 49. b4 Kg3 50. Ke3 Kxh4 51. Kf4 g5+ 52. Kf5 Kg3 53. Kxg5
h4 54. Kh5 Kxg2 55. Kxh4 Kf3 56. Kg5 Ke4 57. Kf6 Nxd4 58. Ke7 Nb5 59. Kd7
1/2-1/2

[Event "1st open for DUNI cup "]
[Site "Primorsko"]
[Date "2016.05.24"]
[Round "7.6"]
[White "APOSTOLOV, Teodor"]
[Black "KIRILOV, Ivaylo"]
[Result "0-1"]
[WhiteElo "1775"]
[BlackElo "1861"]
[PlyCount "100"]
[EventDate "2016.05.21"]
[EventType "swiss"]
[EventRounds "7"]
[EventCountry "BUL"]

1. c4 Nf6 2. Nc3 g6 3. d3 Bg7 4. Nf3 d6 5. g3 O-O 6. Bg2 e5 7. O-O Nc6 8. Bd2
Ne7 9. Qc1 c6 10. Bh6 Ne8 11. Bxg7 Kxg7 12. b3 f5 13. Qb2 Nf6 14. Rad1 Qc7 15.
Rc1 b6 16. a4 a5 17. Rfd1 h6 18. Nd2 Bb7 19. Nf3 Rad8 20. Rb1 c5 21. Nb5 Qb8
22. Re1 g5 23. Rbd1 g4 24. Nh4 Bxg2 25. Kxg2 Qc8 26. e3 Ng6 27. Nxg6 Kxg6 28.
Qc2 h5 29. d4 Qb7+ 30. Kg1 h4 31. dxe5 dxe5 32. Nd6 Qf3 33. Qe2 Qxe2 34. Rxe2
Ne4 35. Red2 Nxd2 36. Rxd2 Rf6 37. Ne4 Rxd2 38. Nxd2 Rd6 39. Nf1 h3 40. e4 Rd1
41. exf5+ Kxf5 42. f4 exf4 43. Kf2 Rxf1+ 44. Kxf1 f3 45. Ke1 Ke4 46. Kd2 Kd4
47. Kc2 f2 48. Kb2 f1=Q 49. Ka2 Qf2+ 50. Ka3 Kc3 0-1